Dokumentačná povinnosť o transferovom oceňovaní

Pokračovanie príspevku z predchádzajúceho čísla, v ktorom sú podrobnejšie uvedené rôzne druhy dokumentácie o transferovom oceňovaní a pravidlá, podľa ktorých sa konkrétny druh vyberá.

Uložené v:
Podrobná bibliografia
Hlavný autor: Slivková, Dana
Médium: Kapitola
Jazyk:Slovak
Predmet:
Tagy: Pridať tag
Žiadne tagy, Buďte prvý, kto otaguje tento záznam!

MARC

LEADER 00000naa a2200000 4500
001 0258469
005 20221104110810.9
041 0 |a slo 
044 |a SK 
245 1 0 |a Dokumentačná povinnosť o transferovom oceňovaní  |c Dana Slivková 
520 |a Pokračovanie príspevku z predchádzajúceho čísla, v ktorom sú podrobnejšie uvedené rôzne druhy dokumentácie o transferovom oceňovaní a pravidlá, podľa ktorých sa konkrétny druh vyberá. 
610 2 0 |a oceňovanie transferové 
610 2 0 |a dokumentácia účtovná 
610 2 0 |a zdaňovanie medzinárodné 
610 2 0 |a spolupráca cezhraničná 
100 1 |a Slivková, Dana